Argentina - Sort the countries by distance. - Statistics

General Stats
  • This quiz has been taken 32 times
  • The average score is 7 of 9
Answer Stats
Hint Answer % Correct
Itself Argentina
96%
Borders It Chile
91%
3rd Peru
87%
5th Venezuela
87%
9th India
74%
4th Ecuador
61%
7th Algeria
57%
6th Congo
57%
8th Madagascar
57%
No matching quizzes found
Score Distribution
Percent of People with Each Score
Percentile by Number Answered
Your Score History
You have not taken this quiz